[Event "Agneaux St Lo op 15th"]
[Site "Agneaux"]
[Date "2013.07.10"]
[Round "5"]
[White "Lenoel, Marine"]
[Black "Ceripa, Adrien"]
[Result "1-0"]
[WhiteElo "1951"]
[BlackElo "1587"]
[PlyCount "37"]
[EventDate "2013.07.07"]
[EventType "swiss"]
[EventRounds "9"]
[EventCountry "FRA"]
[SourceTitle "EXT 2014"]
[Source "ChessBase"]
[SourceDate "2013.11.20"]
[SourceVersion "1"]
[SourceVersionDate "2013.11.20"]
[SourceQuality "1"]

1. e4 e6 2. d4 d5 3. exd5 exd5 4. Bd3 c5 5. dxc5 Bxc5 6. Nf3 Nf6 7. 0-0 Nc6 8. Bg5 0-0 9. h3 Qd6 10. Nc3 Nh5 11. Nxd5 Bxh3 12. Ne3 Be6 13. Nd2 Qe5 14. Qxh5 g6 15. Qh4 f6 16. Bf4 Qd4 17. Nb3 Bxb3 18. axb3 Rf7 19. Bc4 1-0

[Event "FRA-ch U18 Girls"]
[Site "Nimes"]
[Date "2012.04.17"]
[Round "5"]
[White "Alonso, Audrey"]
[Black "Lenoel, Marine"]
[Result "1/2-1/2"]
[WhiteElo "1858"]
[BlackElo "1933"]
[PlyCount "106"]
[EventDate "2012.04.14"]
[EventType "swiss"]
[EventRounds "9"]
[EventCountry "FRA"]
[SourceTitle "CBM 148 Extra"]
[Source "ChessBase"]
[SourceDate "2012.06.22"]
[SourceVersion "1"]
[SourceVersionDate "2012.06.22"]
[SourceQuality "1"]

1. e4 e5 2. Nf3 Nc6 3. Bb5 Bc5 4. c3 Nf6 5. 0-0 0-0 6. d4 exd4 7. cxd4 Be7 8. d5 Nb8 9. e5 Nxd5 10. Qxd5 c6 11. Qe4 cxb5 12. Nc3 b4 13. Nd5 Nc6 14. Nxe7+ Qxe7 15. Ng5 g6 16. Nf3 f6 17. Qd5+ Qf7 18. Qd6 Nxe5 19. Nxe5 fxe5 20. Qxe5 d5 21. Bh6 Re8 22. Qd6 b3 23. axb3 Bf5 24. Rad1 Rad8 25. Qc5 b6 26. Qc3 Rc8 27. Qf3 Be4 28. Qxf7+ Kxf7 29. f3 Bc2 30. Rxd5 Bxb3 31. Rd7+ Re7 32. Rxe7+ Kxe7 33. Rc1 Rxc1+ 34. Bxc1 Ke6 35. Kf2 Kd5 36. Ke3 h5 37. Bd2 Bc2 38. Bc3 a5 39. Kf4 a4 40. Bf6 Kc4 41. g4 hxg4 42. fxg4 b5 43. h4 Kb3 44. h5 gxh5 45. gxh5 b4 46. h6 a3 47. bxa3 bxa3 48. Kg5 Ka2 49. Kf4 Kb1 50. Be5 a2 51. Kg5 a1Q 52. Bxa1 Kxa1 53. h7 Bxh7 1/2-1/2

[Event "FRA-ch U18 Girls"]
[Site "Montlucon"]
[Date "2011.04.18"]
[Round "2"]
[White "Lenoel, Marine"]
[Black "Soubirou, Oriane"]
[Result "0-1"]
[WhiteElo "1793"]
[BlackElo "1996"]
[PlyCount "94"]
[EventDate "2011.04.17"]
[EventType "swiss"]
[EventRounds "9"]
[EventCountry "FRA"]
[SourceTitle "CBM 142 Extra"]
[Source "ChessBase"]
[SourceDate "2011.06.27"]
[SourceVersion "1"]
[SourceVersionDate "2011.06.27"]
[SourceQuality "1"]

1. e4 e6 2. d4 d5 3. exd5 exd5 4. Bd3 Bd6 5. c3 Ne7 6. Qc2 h6 7. Be3 Nbc6 8. Nf3 Bg4 9. Nbd2 Qd7 10. 0-0-0 0-0-0 11. Qa4 Kb8 12. h3 Be6 13. Nb3 f6 14. Rhe1 Rhe8 15. a3 a6 16. Nc5 Bxc5 17. dxc5 Ne5 18. Qxd7 Bxd7 19. Be2 Nxf3 20. Bxf3 c6 21. Bf4+ Kc8 22. Bh5 g6 23. Bf3 g5 24. Bh2 Nf5 25. g3 Rxe1 26. Rxe1 Re8 27. Rxe8+ Bxe8 28. Bg4 Bd7 29. Bxf5 Bxf5 30. f4 Bxh3 31. Kd2 Kd7 32. fxg5 fxg5 33. Ke3 Ke6 34. Kf3 Kf5 35. Bg1 h5 36. Bd4 Bg4+ 37. Ke3 h4 38. gxh4 gxh4 39. Bg7 h3 40. Kf2 Ke4 41. Kg3 Bc8 42. Bf6 a5 43. a4 Kd3 44. Be5 Kc2 45. c4 dxc4 46. Bc3 Kb3 47. Bxa5 Kxb2 0-1

[Event "FRA-ch U16 Girls"]
[Site "Troyes"]
[Date "2010.04.18"]
[Round "9"]
[White "Monpeurt, Cyrielle"]
[Black "Lenoel, Marine"]
[Result "0-1"]
[WhiteElo "1855"]
[BlackElo "1718"]
[PlyCount "50"]
[EventDate "2010.04.11"]
[EventType "swiss"]
[EventRounds "9"]
[EventCountry "FRA"]
[SourceTitle "EXT 2012"]
[Source "ChessBase"]
[SourceDate "2011.11.24"]
[SourceVersion "1"]
[SourceVersionDate "2011.11.24"]
[SourceQuality "1"]

1. e4 e5 2. Nf3 Nc6 3. Bb5 Bc5 4. 0-0 d6 5. c3 Bd7 6. d4 exd4 7. cxd4 Bb6 8. Re1 Nge7 9. Nc3 0-0 10. h3 Ng6 11. Be3 Nh4 12. Ng5 h6 13. Qh5 Nxd4 14. Bxd4 Bxd4 15. Bxd7 hxg5 16. Ba4 Qf6 17. Nd1 a6 18. Rb1 b5 19. Bc2 Ng6 20. Ne3 Nf4 21. Qf3 Bxb2 22. Ng4 Qc3 23. Qxc3 Bxc3 24. Re3 Bd4 25. Rd3 Nxd3 0-1

[Event "FRA-ch U16 Girls"]
[Site "Troyes"]
[Date "2010.04.16"]
[Round "7"]
[White "Lenoel, Marine"]
[Black "Alonso, Audrey"]
[Result "1-0"]
[WhiteElo "1718"]
[BlackElo "1782"]
[PlyCount "101"]
[EventDate "2010.04.11"]
[EventType "swiss"]
[EventRounds "9"]
[EventCountry "FRA"]
[SourceTitle "EXT 2012"]
[Source "ChessBase"]
[SourceDate "2011.11.24"]
[SourceVersion "1"]
[SourceVersionDate "2011.11.24"]
[SourceQuality "1"]

1. e4 e5 2. Nf3 Nc6 3. Nc3 Nf6 4. Bb5 d6 5. d4 Bd7 6. 0-0 exd4 7. Nxd4 Nxd4 8. Qxd4 Be7 9. Bxd7+ Qxd7 10. f3 0-0 11. Be3 Rfd8 12. Rad1 Qc6 13. Rd2 a6 14. Rfd1 Re8 15. Bf2 h6 16. Ne2 Nd7 17. b3 Bf6 18. Qd5 Qxd5 19. Rxd5 g6 20. c4 Rac8 21. Ng3 Bg7 22. c5 Nxc5 23. Bxc5 dxc5 24. Rxc5 c6 25. Rc2 Red8 26. Rcd2 Bf6 27. Kf2 Bg5 28. Rxd8+ Rxd8 29. Rxd8+ Bxd8 30. Ke3 Bc7 31. Ne2 Kf8 32. f4 Ke7 33. e5 h5 34. Ke4 Bb6 35. h3 Ke6 36. g4 hxg4 37. hxg4 Bf2 38. f5+ gxf5+ 39. gxf5+ Ke7 40. f6+ Ke8 41. Kf5 Be3 42. Ng3 a5 43. Ne4 b5 44. Nd6+ Kf8 45. e6 fxe6+ 46. Kxe6 b4 47. Nc4 Bf2 48. Nxa5 c5 49. Nc4 Bd4 50. Nb6 c4 51. Nd7+ 1-0

[Event "FRA-ch U16 Girls"]
[Site "Troyes"]
[Date "2010.04.14"]
[Round "5"]
[White "Lenoel, Marine"]
[Black "Neuhauser, Salome"]
[Result "0-1"]
[WhiteElo "1718"]
[BlackElo "2014"]
[PlyCount "70"]
[EventDate "2010.04.11"]
[EventType "swiss"]
[EventRounds "9"]
[EventCountry "FRA"]
[SourceTitle "EXT 2012"]
[Source "ChessBase"]
[SourceDate "2011.11.24"]
[SourceVersion "1"]
[SourceVersionDate "2011.11.24"]
[SourceQuality "1"]

1. d4 Nf6 2. e3 e6 3. f4 b6 4. Nf3 Bb7 5. Bd3 Ne4 6. Nbd2 f5 7. Bxe4 fxe4 8. Ng5 Qf6 9. 0-0 Qg6 10. c3 Be7 11. Nh3 d6 12. a4 a5 13. Qc2 Nd7 14. Nf2 0-0 15. c4 c5 16. d5 exd5 17. cxd5 Bxd5 18. Ndxe4 Kh8 19. Qd3 Bb7 20. Rd1 Nf6 21. Ng3 Qxd3 22. Nxd3 Rad8 23. Nf5 Rfe8 24. Nxe7 Rxe7 25. h3 Nd5 26. Kf2 Rde8 27. Ne1 Nxe3 28. Bxe3 Rxe3 29. Rxd6 Re2+ 30. Kf1 Ba6 31. Nd3 Rd2 32. Ra3 h6 33. Kg1 Ree2 34. Rd7 Rxg2+ 35. Kf1 Rg3 0-1

[Event "FRA-ch U12 Girls"]
[Site "Aix les Bains"]
[Date "2006.??.??"]
[Round "6"]
[White "Lenoel, Marine"]
[Black "Neuhauser, Salome"]
[Result "0-1"]
[WhiteElo "1580"]
[BlackElo "1798"]
[PlyCount "114"]
[EventDate "2006.04.16"]
[EventType "swiss"]
[EventRounds "9"]
[EventCountry "FRA"]
[SourceTitle "EXT 2007"]
[Source "ChessBase"]
[SourceDate "2006.11.23"]
[SourceVersion "1"]
[SourceVersionDate "2006.11.23"]
[SourceQuality "1"]

1. e4 e5 2. Nf3 Nc6 3. Bc4 Bc5 4. Nc3 Nf6 5. d3 d6 6. Bg5 h6 7. Be3 Bb6 8. h3 Be6 9. Bb3 Qd7 10. Qd2 0-0-0 11. Bxb6 cxb6 12. Nd5 Kb8 13. c4 Rhe8 14. Ba4 Qc8 15. b4 Nd7 16. Bb3 f5 17. a4 Nf6 18. exf5 Bxf5 19. Kf1 e4 20. dxe4 Nxe4 21. Qd1 Be6 22. b5 Na5 23. Ne3 Rf8 24. Rc1 Nxb3 25. Qxb3 Rxf3 26. Qd3 Ng3+ 27. Kg1 Rxe3 28. Qxe3 Nxh1 29. Kxh1 Qd7 30. Qd4 d5 31. cxd5 Bxd5 32. Qe5+ Ka8 33. Qg3 g5 34. Kg1 Rc8 35. Re1 Qf7 36. Qd6 Rf8 37. f3 Rc8 38. Qe5 Bb3 39. Qe4 Qc4 40. Qg6 Qd4+ 41. Kh1 Bxa4 42. Qxh6 Qd2 43. Qe6 Qc3 44. Kh2 Bxb5 45. Re5 Qc7 46. Kh1 a6 47. Rxg5 Bc4 48. Qf6 Rd8 49. f4 Bb5 50. h4 Rd1+ 51. Kh2 Qh7 52. h5 Bc6 53. h6 Qb1 54. f5 Rh1+ 55. Kg3 Qe1+ 56. Kf4 Qe4+ 57. Kg3 Qh4# 0-1

[Event "FRA-ch U12 Girls"]
[Site "Calvi"]
[Date "2005.04.18"]
[Round "2"]
[White "Lenoel, Marine"]
[Black "Dupuis, Claire"]
[Result "1-0"]
[WhiteElo "1580"]
[BlackElo "1420"]
[PlyCount "83"]
[EventDate "2005.04.??"]
[EventType "swiss"]
[EventRounds "9"]
[EventCountry "FRA"]
[SourceTitle "EXT 2006"]
[Source "ChessBase"]
[SourceDate "2005.11.24"]
[SourceVersion "1"]
[SourceVersionDate "2005.11.24"]
[SourceQuality "1"]

1. e4 e5 2. Nf3 Nc6 3. Bc4 Bc5 4. d3 Nf6 5. Nc3 d6 6. Bg5 Bg4 7. h3 Bh5 8. Nd5 h6 9. Be3 Bxe3 10. fxe3 a6 11. Qe2 Na5 12. Bb3 c6 13. Nc3 Nxb3 14. axb3 Qb6 15. Qf2 Qc7 16. Qg3 0-0 17. Nh4 Kh7 18. 0-0 Rg8 19. Rf5 Rab8 20. Raf1 Qe7 21. Qf2 Qe6 22. Ne2 Bxe2 23. Qxe2 Rbf8 24. Nf3 Kh8 25. Nh2 Kh7 26. Ng4 Nxg4 27. Qxg4 f6 28. Qh4 b6 29. Rh5 a5 30. Rff5 c5 31. c4 Qf7 32. Kf2 Qe7 33. Rf3 Rf7 34. Qg4 Rff8 35. Rg3 Rf7 36. Qf3 Rff8 37. Rg4 Rf7 38. Rgh4 Rff8 39. Qf5+ Kh8 40. Rxh6+ gxh6 41. Rxh6+ Qh7 42. Rxh7# 1-0